Kaukliar '96 Po prvom medzinárodnom festivale pantomímy

Podrobná bibliografia
Hlavný autor: Stenchláková, Nela (Autor)
Médium: Článok
Jazyk:slovenčina
Fyzický popis:Fotogr. 3
ISSN:1335-146X
Predmet:

MARC

LEADER 00000nab a2200000 a 4500
001 vtls000611105
003 SK-MaSNL
005 20260303203115.0
008 140301c1996 xo 0 slo
015 |a SNBRB19rr/mm-uuuuu 
035 |a CL0611244 
040 |a SNKBUCL  |b slo  |c SNKBUCL  |e AACR2 
041 0 |a slo 
044 |a xo  |c SK 
080 |a 792.091.4:792.7  |2 1981 
080 |a 792.7  |2 1981 
100 1 |a Stenchláková, Nela  |4 aut  |9 890384 
245 1 0 |a Kaukliar '96  |b Po prvom medzinárodnom festivale pantomímy  |c Nela Stenchláková 
300 |b Fotogr. 3 
650 0 7 |a pantomíma  |2 snkbucl  |9 3336 
650 0 7 |a Kaukliar 1996, Bratislava  |2 snkbucl  |9 1235314 
655 7 |a články z novín a časopisov  |2 snkbucl  |9 267496 
773 0 |t Teatro  |g Roč. 2, č. 11-12 (1996), s. 44-45  |x 1335-146X 
850 |a Slovenská národná knižnica v Martine  |a MTA001 
852 |a SNK  |b KIS3GCP 
958 |a SK 
958 |a NX 
958 |a RK 
992 |a RBX 
999 |c 2183659  |d 2185589